Tvorba veľkoobchodných cien a regulácia zdrojov vo VHJ potravinárskeho priemyslu Správa za 1. kontrolovatreľnú etapu čiastkovej úlohy SPEV 902529510-04
Saved in:
| Main Author: | |
|---|---|
| Format: | Book |
| Language: | Slovak |
| Published: |
Bratislava
Výskumný ústav ekonomiky poľnohospodárstva a potravinárstva
1988
|
| Tags: |
No Tags, Be the first to tag this record!
|
MARC
| LEADER | 00000nam a2200000 4500 | ||
|---|---|---|---|
| 001 | c037870 | ||
| 005 | 20221219092502.3 | ||
| 041 | 0 | |a slo | |
| 044 | |a SK | ||
| 245 | 1 | 0 | |a Tvorba veľkoobchodných cien a regulácia zdrojov vo VHJ potravinárskeho priemyslu |b Správa za 1. kontrolovatreľnú etapu čiastkovej úlohy SPEV 902529510-04 |c Jaroslav Němec |
| 264 | 1 | |a Bratislava |b Výskumný ústav ekonomiky poľnohospodárstva a potravinárstva |c 1988 | |
| 300 | |a 53 s. | ||
| 100 | 1 | |a Němec, Jaroslav | |